<The> European courts

Salvato in:
Dettagli Bibliografici
Autore principale: Hunnings, Neville March
Natura: Libro
Lingua:inglese
Pubblicazione: London Cartermill Publishing 1996
Soggetti:
Tags: Aggiungi Tag
Nessun Tag, puoi essere il primo ad aggiungerne!!

MARC

LEADER 00000nam a2200000 4500
001 c117256
005 20231215115115.7
020 |a 1-86067-010-5 
041 0 |a eng 
044 |a GB 
245 1 0 |a <The> European courts  |c Neville March Hunnings 
264 1 |a London  |b Cartermill Publishing  |c 1996 
300 |a [379] s. 
610 2 0 |a súdy 
610 2 0 |a konvencie 
610 2 0 |a organizácie ekonomické medzinárodné 
610 2 0 |a organizácie medzinárodné 
610 2 0 |a Európa 
610 2 0 |a Európska únia 
610 2 0 |a Európske spoločenstvá 
610 2 0 |a systémy právne 
610 2 0 |a právo 
610 2 0 |a právo medzinárodné 
610 2 0 |a právo verejné medzinárodné 
100 1 |a Hunnings, Neville March